000 00488nam a2200181Ia 4500
008 240925s9999 xx 000 0 und d
020 _a135343488
082 _a005.133 LAF
100 _aLaffra, Chris
245 0 _aAdvanced Java
250 _aNA
260 _aNew Jersey:
_bPrintice- Hall Int.
_c,1997.
300 _axxvi,517p.
_bNA
_fOriginal
500 _aIncludes Index
600 _aEngineering Technology
650 _aComputer science, information & general works
942 _cBK
999 _c5052
_d5052